000 00752nam a2200229Ia 4500
005 20250108124841.0
008 008 250107s9999 xx 000 0 hin d
020 _a978-93-83144-86-0
037 _aTB
040 _aCRL
_bhin
_cCRL
041 _ahin
_2hin
084 _aT4.2 R3
084 _qCRL
100 _aरहबर, हंसराज, ले.
245 0 _aनिसंग बाबा
_cरहबर, हंसराज, ले.
260 _aदिल्ली, भारत
_bशिक्षा भारती
_c2431
300 _a103पृ0
365 _aINR
_b180
650 _aहिन्दी कहानीहिन्दी साहित्य
_9729733
942 _cTB
_hT4.2 R3
999 _c1234819
_d1234819